Monarchen von England - mit Bild - Statistiken

Allgemein
  • Dieses Quiz wurde 148 mal gespielt
  • Das Durchschnittsergebnis liegt bei 22 aus 60
Antwortstatistiken
Bildquiz Hint Antwort % Korrekt
1952-Heute (Windsor) Elisabeth II.
83%
1558-1603 (Tudor) Elisabeth I.
78%
1837-1901 (Hannover) Victoria
77%
1936-1952 (Windsor) Georg VI.
72%
1910-1936 (Sachsen-Coburg und Gotha) Georg V.
62%
1509-1547 (Tudor) Heinrich VIII.
62%
1553-1558 (Tudor) Maria I. die Blutige
62%
1936 (Windsor) Eduard VIII.
59%
1901-1910 (Sachsen-Coburg und Gotha) Eduard VII.
51%
1485-1509 (Tudor) Heinrich VII
51%
1066-1087 (Normandie) Wilhelm I. der Eroberer
50%
1702-1714 (Stuart) Anne
46%
1760-1820 (Hannover) Georg III.
45%
1820-1830 (Hannover) Georg IV.
45%
1547-1553 (Tudor) Eduard VI.
44%
1727-1760 (Hannover) Georg II.
44%
1714-1727 (Hannover) Georg I.
43%
1216-1272 (Plantagenet) Heinrich III.
41%
1660-1685 (Stuart) Karl II.
41%
1189-1199 (Plantagenet) Richard I. Löwenherz
41%
1307-1327 (Plantagenet) Eduard II.
40%
1327-1377 (Plantagenet) Eduard III.
40%
1272-1307 (Plantagenet) Eduard I. Langbein
40%
1154-1189 (Plantagenet) Heinrich II. Kurzmantel
40%
1413-1422 (Lancaster) Heinrich V.
40%
1199-1216 (Plantagenet) Johann Ohneland
40%
1689-1694 (Stuart) Maria II.
40%
1087-1100 (Normandie) Wilhelm II. Rufus
40%
1100-1135 (Normandie) Heinrich I.
39%
1399-1413 (Lancaster) Heinrich IV.
39%
1625-1649 (Stuart) Karl I.
39%
1483-1485 (York) Richard III.
39%
1830-1837 (Hannover) Wilhelm IV.
39%
1603-1625 (Stuart) Jakob I.
38%
1377-1399 (Plantagenet) Richard II.
38%
1135-1154 (Normandie) Stephan
38%
1422-1461 (Lancaster) Heinrich VI.
37%
1470-1471 (Lancaster) Heinrich VI.
37%
1483 (York) Eduard V.
35%
1471-1483 (York) Eduard IV.
34%
1685-1689 (Stuart) Jakob II.
34%
1689-1702 (Oranien-Nassau) Wilhelm III.
34%
871-899 (Wessex) Alfred der Große
32%
1461-1470 (York) Eduard IV.
32%
1066 (Godwins) Harald II. Godwinson
22%
899-924 (Wessex) Eduard I. der Ältere
17%
924-939 (Wessex) Ethelstan
16%
1016-1035 (Jelling) Knut der Große
16%
939-946 (Wessex) Edmund I. der Prächtige
15%
1042-1066 (Wessex) Eduard III. der Bekenner
15%
946-955 (Wessex) Eadred
13%
959-975 (Wessex) Edgar der Friedfertige
13%
975-978 (Wessex) Eduard II. der Märtyrer
13%
978-1013 (Wessex) Ethelred der Unberatene
13%
1014-1016 (Wessex) Ethelred der Unberatene
13%
1035-1040 (Jelling) Harald I. Hasenfuß
13%
955-959 (Wessex) Eadwig
11%
1016 (Wessex) Edmund II. Eisenseite
10%
1013-1014 (Jelling) Sven Gabelbart
10%
1040-1042 (Jelling) Hardiknut
9%
Keine übereinstimmenden Quizze gefunden
Verteilung der Resultate
Anzahl Personen mit jedem Resultat
Perzentil nach korrekt beantworteten Fragen
Ihre Resultats-Entwicklung
Sie haben dieses Quiz noch nicht gespielt